| 000 | 01000nam a22003017a 4500 | ||
|---|---|---|---|
| 001 | BR2012001615 | ||
| 003 | BR-BrBNA | ||
| 005 | 20230928103910.0 | ||
| 007 | ta | ||
| 008 | 230509b bl.||||| |||| 00| 0 por d | ||
| 040 |
_aBR-BrBNA _bpor _cBiblioteca Nacional de Agricultura |
||
| 041 | _a(Por) | ||
| 072 | _aN01 | ||
| 090 | _ N01 BR2012001615 | ||
| 100 | 1 | _aRodrigues, A.B. | |
| 110 | 1 |
_aAssociação Riograndense de Empreendimentos de Assistência Técnica de Extensão Rural, Porto Alegre, RS (Brasil) _91019 |
|
| 245 | 1 | _aTratamento e destino dos esgotos domésticos no meio rural. Higiene da casa: conservação da saúde através do saneamento dos arredores | |
| 250 | 1 | _a5 ed. | |
| 260 | 3 |
_aPorto Alegre, RS (Brasil): _c2011. |
|
| 300 | _a55 p. | ||
| 500 | _a6 ref.; Glossary p. 49-51; 26 illus | ||
| 650 | _aSANEAMENTO RURAL | ||
| 650 | _aZONA RURAL | ||
| 650 | _aREDE DE ESGOTO | ||
| 650 | _aTRATAMENTO DE ESGOTO | ||
| 909 |
_a202309 _bLucia _c55 _dLucia Elande |
||
| 942 | _cBK | ||
| 999 |
_c77144 _d77144 |
||